[Event "Montigny le Bretonneux op 17th"]
[Site "Montigny le Bretonneux"]
[Date "2013.05.20"]
[Round "8"]
[White "Hurlot, Rodolphe"]
[Black "Francois, Jean Claude"]
[Result "1/2-1/2"]
[WhiteElo "1754"]
[BlackElo "1823"]
[PlyCount "53"]
[EventDate "2013.05.18"]
[EventType "swiss"]
[EventRounds "9"]
[EventCountry "FRA"]
[SourceTitle "EXT 2014"]
[Source "ChessBase"]
[SourceDate "2013.11.20"]
[SourceVersion "1"]
[SourceVersionDate "2013.11.20"]
[SourceQuality "1"]

1. e4 e5 2. d4 exd4 3. c3 dxc3 4. Bc4 Qf6 5. Nxc3 Bc5 6. Nf3 h6 7. Nd5 Qc6 8. Ne5 Qd6 9. Nxf7 Kxf7 10. Qf3+ Ke8 11. Nxc7+ Qxc7 12. Qf7+ Kd8 13. 0-0 Qe5 14. Rd1 Qf6 15. Qd5 Qxf2+ 16. Kh1 Ne7 17. Qe5 Rf8 18. Bd2 Nbc6 19. Qh5 Ng8 20. Rf1 Qxd2 21. Qxc5 Rxf1+ 22. Rxf1 Nge7 23. h3 Qxb2 24. Qd6 Ke8 25. Bf7+ Kf8 26. Bb3+ Ke8 27. Bf7+ 1/2-1/2

[Event "Montigny le Bretonneux op 17th"]
[Site "Montigny le Bretonneux"]
[Date "2013.05.18"]
[Round "4"]
[White "Hurlot, Rodolphe"]
[Black "Duval, Sylvain"]
[Result "0-1"]
[WhiteElo "1754"]
[BlackElo "1972"]
[PlyCount "52"]
[EventDate "2013.05.18"]
[EventType "swiss"]
[EventRounds "9"]
[EventCountry "FRA"]
[SourceTitle "EXT 2014"]
[Source "ChessBase"]
[SourceDate "2013.11.20"]
[SourceVersion "1"]
[SourceVersionDate "2013.11.20"]
[SourceQuality "1"]

1. e4 c5 2. d4 cxd4 3. c3 g6 4. cxd4 d5 5. Nc3 dxe4 6. Bc4 Bg7 7. Be3 Nf6 8. Qa4+ Nbd7 9. Nge2 0-0 10. Qc2 a6 11. 0-0 b5 12. Bb3 Bb7 13. Ng3 Rc8 14. Qb1 Nb6 15. Ngxe4 Nxe4 16. Nxe4 Bxd4 17. Rd1 e5 18. Bh6 Qh4 19. Rxd4 exd4 20. Nd6 Qxh6 21. Nxb7 Nc4 22. Bxc4 Rxc4 23. Nd6 Rc6 24. Ne4 Rfc8 25. Nf6+ Rxf6 26. Qe1 Rfc6 0-1

[Event "Montigny le Bretonneux Noel op 14th"]
[Site "Montigny le Bretonneux"]
[Date "2011.12.27"]
[Round "2.8"]
[White "Bouvier, Clement"]
[Black "Hurlot, Rodolphe"]
[Result "1-0"]
[WhiteElo "1856"]
[BlackElo "1733"]
[PlyCount "67"]
[EventDate "2011.12.26"]
[EventType "swiss"]
[EventRounds "7"]
[EventCountry "FRA"]
[SourceTitle "EXT 2014"]
[Source "ChessBase"]
[SourceDate "2013.11.20"]
[SourceVersion "1"]
[SourceVersionDate "2013.11.20"]
[SourceQuality "1"]

1. e4 e6 2. Nf3 d5 3. e5 c5 4. b4 c4 5. c3 Bd7 6. d3 b5 7. a4 cxd3 8. axb5 Bxb5 9. Bxd3 Bxd3 10. Qxd3 Qc7 11. 0-0 Nc6 12. Re1 g6 13. Na3 a6 14. b5 Bxa3 15. Rxa3 Na5 16. Bg5 Ne7 17. Bf6 Rg8 18. Rea1 Nc4 19. Rxa6 Rxa6 20. Rxa6 Kd7 21. Qd4 Rb8 22. Ra7 Rb7 23. Rxb7 Qxb7 24. Qc5 Ke8 25. g4 Ng8 26. Bg7 Ne7 27. Bf6 Ng8 28. Nd4 Nxf6 29. exf6 Nd2 30. b6 Ne4 31. Qb5+ Kf8 32. Qb4+ Ke8 33. Nb5 Qxb6 34. Qe7# 1-0

[Event "Montigny le Bretonneux Noel op 13th"]
[Site "Montigny le Bretonneux"]
[Date "2010.12.27"]
[Round "2"]
[White "Durez, Gerard"]
[Black "Hurlot, Rodolphe"]
[Result "0-1"]
[WhiteElo "1633"]
[BlackElo "1759"]
[PlyCount "90"]
[EventDate "2010.12.26"]
[EventType "swiss"]
[EventRounds "7"]
[EventCountry "FRA"]
[SourceTitle "CBM 140 Extra"]
[Source "ChessBase"]
[SourceDate "2011.03.01"]
[SourceVersion "1"]
[SourceVersionDate "2011.03.01"]
[SourceQuality "1"]

1. d4 Nf6 2. c4 d6 3. Nc3 g6 4. Bg5 Bg7 5. e3 0-0 6. Bd3 Nbd7 7. Nge2 c5 8. d5 Ne5 9. 0-0 Bg4 10. Qc2 Nxd3 11. Qxd3 a6 12. f3 Bd7 13. Rab1 Rb8 14. Qd2 b5 15. b3 Bf5 16. e4 Bd7 17. Bxf6 Bxf6 18. f4 Qa5 19. f5 bxc4 20. fxg6 fxg6 21. bxc4 Bg4 22. Qc2 Rxb1 23. Rxb1 Bg5 24. Ng3 Be3+ 25. Kh1 Bd4 26. Rb3 Rf2 27. Qc1 Bxc3 28. Qxc3 Qxc3 29. Rxc3 Rxa2 30. h3 Bd1 31. Rc1 Bc2 32. Re1 Bd3 33. e5 Bxc4 34. exd6 exd6 35. Re6 Bxd5 36. Rxd6 Bxg2+ 37. Kg1 Bxh3 38. Ne4 c4 39. Ng5 Bf5 40. Rc6 Ra3 41. Kf2 c3 42. Nf3 Ra2+ 43. Ke1 Ra1+ 44. Ke2 c2 45. Nd2 Rd1 0-1

[Event "Montigny le Bretonneux Noel op 13th"]
[Site "Montigny le Bretonneux"]
[Date "2010.12.27"]
[Round "3"]
[White "Hurlot, Rodolphe"]
[Black "Bouvier, Clement"]
[Result "1/2-1/2"]
[WhiteElo "1759"]
[BlackElo "1877"]
[PlyCount "29"]
[EventDate "2010.12.26"]
[EventType "swiss"]
[EventRounds "7"]
[EventCountry "FRA"]
[SourceTitle "CBM 140 Extra"]
[Source "ChessBase"]
[SourceDate "2011.03.01"]
[SourceVersion "1"]
[SourceVersionDate "2011.03.01"]
[SourceQuality "1"]

1. Nf3 b6 2. d4 e6 3. g3 Bb7 4. Bg2 Ne7 5. c4 Ng6 6. Nc3 h5 7. e4 h4 8. 0-0 hxg3 9. fxg3 Be7 10. Be3 d6 11. Qd2 Rh5 12. Qe2 Rh8 13. Qd2 Rh5 14. Qe2 Rh8 15. Qd2 1/2-1/2

[Event "Montigny le Bretonneux-B 9th"]
[Site "Montigny le Bretonneux"]
[Date "2010.10.30"]
[Round "8"]
[White "Hurlot, Rodolphe"]
[Black "Mongey, Alain"]
[Result "1/2-1/2"]
[WhiteElo "1759"]
[BlackElo "1697"]
[PlyCount "63"]
[EventDate "2010.10.23"]
[EventType "tourn"]
[EventRounds "9"]
[EventCountry "FRA"]
[SourceTitle "EXT 2011"]
[Source "ChessBase"]
[SourceDate "2010.11.26"]
[SourceVersion "1"]
[SourceVersionDate "2010.11.26"]
[SourceQuality "1"]

1. Nf3 d5 2. d3 Nf6 3. g3 Bg4 4. Bg2 c6 5. 0-0 Nbd7 6. Nbd2 e6 7. a4 Bd6 8. c4 0-0 9. h3 Bh5 10. Qc2 h6 11. e4 dxe4 12. dxe4 Bg6 13. Re1 Qb6 14. a5 Qc7 15. Qc3 Be7 16. e5 Nh7 17. b4 Rfd8 18. Nh4 Bxh4 19. gxh4 Nhf8 20. Ba3 Bf5 21. Nf3 Ng6 22. Qe3 Ndf8 23. Rad1 Rd7 24. h5 Ne7 25. b5 cxb5 26. Rxd7 Qxd7 27. Qc5 Nc6 28. a6 b6 29. Qxb5 Rd8 30. Bd6 Na5 31. Qb4 Qc8 32. c5 1/2-1/2

[Event "Montigny le Bretonneux-B 9th"]
[Site "Montigny le Bretonneux"]
[Date "2010.10.28"]
[Round "6"]
[White "Hurlot, Rodolphe"]
[Black "Branson, James"]
[Result "1-0"]
[WhiteElo "1759"]
[BlackElo "1689"]
[PlyCount "147"]
[EventDate "2010.10.23"]
[EventType "tourn"]
[EventRounds "9"]
[EventCountry "FRA"]
[SourceTitle "EXT 2011"]
[Source "ChessBase"]
[SourceDate "2010.11.26"]
[SourceVersion "1"]
[SourceVersionDate "2010.11.26"]
[SourceQuality "1"]

1. Nf3 b6 2. g3 Bb7 3. Bg2 e5 4. d3 d5 5. Nxe5 Bd6 6. Nf3 Nf6 7. Bg5 h6 8. Bxf6 Qxf6 9. c3 0-0 10. 0-0 Nd7 11. d4 Rab8 12. Nbd2 Rfe8 13. Re1 g5 14. Qc2 Bf8 15. h3 c5 16. e3 h5 17. Qa4 Bc6 18. Qc2 Bh6 19. Nh2 Nf8 20. Qd1 Qg6 21. c4 Rbd8 22. cxd5 Bxd5 23. e4 Ba8 24. d5 g4 25. hxg4 hxg4 26. Nc4 f5 27. e5 Ne6 28. Nd6 Re7 29. dxe6 Bxg2 30. Kxg2 Qh5 31. Rh1 Qg6 32. Qc2 Rxe6 33. Qxf5 Rexd6 34. Qxg4 Rc6 35. Qxg6+ Rxg6 36. Rad1 Rb8 37. Rd7 a6 38. Rd6 Rxd6 39. exd6 Kf7 40. Ng4 Bg7 41. b3 Ke6 42. Rh7 Bd4 43. Rh6+ Kd7 44. f4 Re8 45. Nf6+ Bxf6 46. Rxf6 Re2+ 47. Kf1 Rxa2 48. g4 Rb2 49. g5 Rxb3 50. Kf2 Rb2+ 51. Kf3 Rb1 52. Kf2 Rb2+ 53. Kf3 Rb1 54. g6 Rg1 55. f5 a5 56. Kf2 Rg5 57. Rf7+ Kxd6 58. g7 Ke5 59. f6 Ke6 60. Rf8 a4 61. g8Q+ Rxg8 62. Rxg8 Kxf6 63. Rb8 Ke5 64. Ke3 Kd5 65. Rxb6 Kc4 66. Kd2 a3 67. Kc2 a2 68. Kb2 a1Q+ 69. Kxa1 Kc3 70. Kb1 c4 71. Kc1 Kd3 72. Rb2 Kc3 73. Rc2+ Kb3 74. Kd2 1-0

[Event "Montigny le Bretonneux-B 9th"]
[Site "Montigny le Bretonneux"]
[Date "2010.10.27"]
[Round "5"]
[White "Delpech, Olivier"]
[Black "Hurlot, Rodolphe"]
[Result "1/2-1/2"]
[WhiteElo "1743"]
[BlackElo "1759"]
[PlyCount "26"]
[EventDate "2010.10.23"]
[EventType "tourn"]
[EventRounds "9"]
[EventCountry "FRA"]
[SourceTitle "EXT 2011"]
[Source "ChessBase"]
[SourceDate "2010.11.26"]
[SourceVersion "1"]
[SourceVersionDate "2010.11.26"]
[SourceQuality "1"]

1. c4 Nf6 2. Nc3 e6 3. e4 d5 4. cxd5 exd5 5. e5 Ne4 6. Nf3 Nxc3 7. bxc3 Be7 8. d4 0-0 9. Bd3 Bg4 10. 0-0 Bxf3 11. Qxf3 Re8 12. Qg4 Bf8 13. f4 c5 1/2-1/2

[Event "Montigny le Bretonneux-B 9th"]
[Site "Montigny le Bretonneux"]
[Date "2010.10.25"]
[Round "3"]
[White "Couronne, Patrice"]
[Black "Hurlot, Rodolphe"]
[Result "1-0"]
[WhiteElo "1718"]
[BlackElo "1759"]
[PlyCount "127"]
[EventDate "2010.10.23"]
[EventType "tourn"]
[EventRounds "9"]
[EventCountry "FRA"]
[SourceTitle "EXT 2011"]
[Source "ChessBase"]
[SourceDate "2010.11.26"]
[SourceVersion "1"]
[SourceVersionDate "2010.11.26"]
[SourceQuality "1"]

1. d4 Nf6 2. c4 d6 3. Nc3 Nbd7 4. e4 c6 5. f4 e5 6. dxe5 dxe5 7. fxe5 Nxe5 8. Qxd8+ Kxd8 9. Bf4 Ng6 10. 0-0-0+ Bd7 11. Bg3 Bc5 12. Be2 Be3+ 13. Kc2 Bf4 14. Bf2 Re8 15. Bf3 Kc7 16. Nge2 Be5 17. Bd4 Ng4 18. Bxg4 Bxg4 19. h3 Bxe2 20. Nxe2 Bxd4 21. Nxd4 Rxe4 22. b3 Rd8 23. Kc3 Re3+ 24. Kc2 Nf4 25. Rhg1 Re4 26. Nf5 Re2+ 27. Kb1 Rxd1+ 28. Rxd1 Rxg2 29. h4 Ne2 30. Rd3 Nf4 31. Rf3 Ne6 32. Ne3 Rg1+ 33. Kb2 f6 34. Nf5 Rg2+ 35. Kb1 Re2 36. Ng3 Re1+ 37. Kb2 Rg1 38. Nf5 a6 39. Re3 Rg2+ 40. Kb1 Kd7 41. Rd3+ Kc7 42. Re3 Kd7 43. Rd3+ Kc8 44. Re3 Nf4 45. Re7 b5 46. cxb5 axb5 47. Nxg7 Rg1+ 48. Kc2 Nd5 49. Rf7 b4 50. Nf5 Rg2+ 51. Kd3 h5 52. Kd4 Rxa2 53. Kc5 Rc2+ 54. Kd6 Rc3 55. Nd4 c5 56. Nb5 c4 57. Kxd5 cxb3 58. Nd6+ Kb8 59. Rb7+ Ka8 60. Rxb4 Rd3+ 61. Ke6 Rf3 62. Nf5 Ka7 63. Nd4 Rf4 64. Nc6+ 1-0

[Event "Elancourt op"]
[Site "Elancourt"]
[Date "2010.04.26"]
[Round "2"]
[White "Hurlot, Rodolphe"]
[Black "Kambrath, Yannick"]
[Result "0-1"]
[WhiteElo "1724"]
[BlackElo "1941"]
[PlyCount "48"]
[EventDate "2010.04.25"]
[EventType "swiss"]
[EventRounds "9"]
[EventCountry "FRA"]
[SourceTitle "CBM 136 Extra"]
[Source "ChessBase"]
[SourceDate "2010.07.02"]
[SourceVersion "2"]
[SourceVersionDate "2010.07.15"]
[SourceQuality "1"]

1. Nf3 Nf6 2. c4 g6 3. b3 Bg7 4. Bb2 0-0 5. g3 Nc6 6. Bg2 a5 7. d3 d5 8. Nbd2 Re8 9. 0-0 e5 10. cxd5 Nxd5 11. Ng5 f5 12. h4 h6 13. Nh3 Be6 14. f4 Ne3 15. Qc1 Nxf1 16. Kxf1 e4 17. Bxg7 Kxg7 18. dxe4 fxe4 19. Nxe4 Bxh3 20. Bxh3 Rxe4 21. Bg2 Re6 22. f5 Qf6 23. Kg1 gxf5 24. Kh1 Rxe2 0-1

[Event "Montigny le Bretonneux Noel op 12th"]
[Site "Montigny le Bretonneux"]
[Date "2009.12.30"]
[Round "6"]
[White "San Marco, Jean"]
[Black "Hurlot, Rodolphe"]
[Result "1-0"]
[WhiteElo "2010"]
[BlackElo "1740"]
[PlyCount "79"]
[EventDate "2009.12.26"]
[EventType "swiss"]
[EventRounds "7"]
[EventCountry "FRA"]
[SourceTitle "EXT 2011"]
[Source "ChessBase"]
[SourceDate "2010.11.26"]
[SourceVersion "1"]
[SourceVersionDate "2010.11.26"]
[SourceQuality "1"]

1. d4 Nf6 2. Nf3 d5 3. Bf4 Bf5 4. e3 e6 5. Bd3 Bxd3 6. Qxd3 c6 7. Nbd2 Bd6 8. Ne5 Bxe5 9. Bxe5 0-0 10. h3 Nbd7 11. Bh2 Rc8 12. 0-0 c5 13. c3 cxd4 14. exd4 Rc6 15. b3 b5 16. a4 a6 17. axb5 axb5 18. Qxb5 Rxc3 19. Bd6 Re8 20. Rac1 Rxc1 21. Rxc1 Qb6 22. Qxb6 Nxb6 23. Rc7 Ra8 24. Rb7 Nbd7 25. Nf3 g6 26. g4 h6 27. h4 Nf8 28. Ne5 Rc8 29. f3 Rc3 30. Rb8 N6h7 31. Nd7 Rxf3 32. Nxf8 Nxf8 33. Rxf8+ Kg7 34. Rb8 Rh3 35. g5 hxg5 36. hxg5 Rf3 37. Be5+ f6 38. Bxf6+ Kf7 39. b4 Rb3 40. b5 1-0

[Event "Montigny le Bretonneux Noel op 12th"]
[Site "Montigny le Bretonneux"]
[Date "2009.12.28"]
[Round "4"]
[White "Hurlot, Rodolphe"]
[Black "Danzanvilliers, Patrice"]
[Result "1/2-1/2"]
[WhiteElo "1740"]
[BlackElo "1890"]
[PlyCount "42"]
[EventDate "2009.12.26"]
[EventType "swiss"]
[EventRounds "7"]
[EventCountry "FRA"]
[SourceTitle "EXT 2011"]
[Source "ChessBase"]
[SourceDate "2010.11.26"]
[SourceVersion "1"]
[SourceVersionDate "2010.11.26"]
[SourceQuality "1"]

1. Nf3 f5 2. g3 Nf6 3. Bg2 d6 4. d4 e6 5. c4 g6 6. 0-0 Bg7 7. Nc3 0-0 8. Bg5 h6 9. Bxf6 Bxf6 10. Qd2 Kh7 11. Rad1 Nd7 12. e4 fxe4 13. Nxe4 e5 14. dxe5 Nxe5 15. Nxf6+ Qxf6 16. Nxe5 Qxe5 17. Rfe1 Qf6 18. Re3 Bd7 19. Rde1 Bc6 20. Bxc6 bxc6 21. Qe2 Rf7 1/2-1/2

[Event "Montigny le Bretonneux-C 8th"]
[Site "Montigny le Bretonneux"]
[Date "2009.11.01"]
[Round "9"]
[White "Branson, James"]
[Black "Hurlot, Rodolphe"]
[Result "1-0"]
[WhiteElo "1680"]
[BlackElo "1740"]
[PlyCount "87"]
[EventDate "2009.10.24"]
[EventType "tourn"]
[EventRounds "9"]
[EventCountry "FRA"]
[SourceTitle "EXT 2011"]
[Source "ChessBase"]
[SourceDate "2010.11.26"]
[SourceVersion "1"]
[SourceVersionDate "2010.11.26"]
[SourceQuality "1"]

1. e4 e6 2. d4 d5 3. Nc3 Nf6 4. Bg5 dxe4 5. Nxe4 Nbd7 6. Nf3 h6 7. Bh4 g5 8. Nxf6+ Nxf6 9. Bg3 Bg7 10. c3 c6 11. Ne5 Qd5 12. f3 Nd7 13. Bc4 Qa5 14. b4 Qd8 15. Qe2 Nb6 16. Bb3 Nd5 17. Qd2 a5 18. 0-0 axb4 19. cxb4 Qb6 20. a3 0-0 21. Kh1 f5 22. Bc2 Qb5 23. f4 g4 24. Rfe1 Nf6 25. Bd3 Qd5 26. Bc4 Ne4 27. Rxe4 Qd6 28. Re2 b5 29. Bb3 Bb7 30. Bf2 Rfd8 31. Qc2 Bxe5 32. dxe5 Qe7 33. Qxf5 Kh8 34. Qf6+ Qxf6 35. exf6 Bc8 36. Bc5 Kg8 37. f5 Rd2 38. Bxe6+ Bxe6 39. fxe6 Rad8 40. f7+ Kg7 41. f8Q+ Rxf8 42. Bxf8+ Kxf8 43. e7+ Ke8 44. Rf1 1-0

[Event "Montigny le Bretonneux Noel op 10th"]
[Site "Montigny le Bretonneux"]
[Date "2007.10.29"]
[Round "1"]
[White "Hurlot, Rodolphe"]
[Black "Branson, James"]
[Result "0-1"]
[WhiteElo "1730"]
[BlackElo "1819"]
[PlyCount "116"]
[EventDate "2007.12.26"]
[EventType "swiss"]
[EventRounds "7"]
[EventCountry "FRA"]
[SourceTitle "EXT 2008"]
[Source "ChessBase"]
[SourceDate "2007.11.25"]
[SourceVersion "1"]
[SourceVersionDate "2007.11.25"]
[SourceQuality "1"]

1. d4 Nf6 2. c4 g6 3. Nf3 Bg7 4. Nc3 d5 5. cxd5 Nxd5 6. e4 Nxc3 7. bxc3 c5 8. Bb5+ Bd7 9. Bxd7+ Nxd7 10. Rb1 Qc7 11. 0-0 cxd4 12. cxd4 0-0 13. Be3 b6 14. Nd2 e6 15. f4 Nf6 16. Rc1 Qb7 17. Qf3 Rac8 18. g4 Rxc1 19. Rxc1 Qa6 20. Qh3 Qd3 21. Kf2 Nxe4+ 22. Nxe4 Qxe4 23. Qf3 Qxf3+ 24. Kxf3 Rb8 25. Ke4 f5+ 26. Kf3 Rb7 27. h3 b5 28. Ke2 a5 29. Rc6 Kf7 30. Kd3 Bf8 31. Bd2 Ra7 32. g5 h6 33. h4 hxg5 34. hxg5 Ke7 35. d5 exd5 36. Rxg6 b4 37. Rf6 Bg7 38. Rxf5 Ke6 39. Re5+ Bxe5 40. fxe5 Kxe5 41. Bc1 Ke6 42. Be3 Rb7 43. Kc2 a4 44. Kb2 Kf5 45. Bd2 Ke4 46. g6 b3 47. a3 Kd3 48. Bh6 d4 49. g7 Rb8 50. Bf4 Rc8 51. Bc1 Rc2+ 52. Kb1 Rg2 53. Bh6 Kc3 54. Bc1 Rxg7 55. Bb2+ Kd3 56. Bc1 Rg1 57. Kb2 Rxc1 58. Kxc1 Kc3 0-1

[Event "Montigny le Bretonneux op 5th"]
[Site "Montigny le Bretonneux"]
[Date "2006.10.29"]
[Round "2.1"]
[White "Hurlot, Rodolphe"]
[Black "Guillet, Killian"]
[Result "1-0"]
[WhiteElo "1630"]
[BlackElo "1250"]
[PlyCount "49"]
[EventDate "2006.10.28"]
[EventType "swiss"]
[EventRounds "9"]
[EventCountry "FRA"]
[SourceTitle "EXT 2007"]
[Source "ChessBase"]
[SourceDate "2006.11.23"]
[SourceVersion "1"]
[SourceVersionDate "2006.11.23"]
[SourceQuality "1"]

1. d4 e6 2. c4 d5 3. cxd5 exd5 4. Nf3 Nf6 5. Bg5 h6 6. Bh4 Bb4+ 7. Nc3 0-0 8. Bxf6 Qxf6 9. e3 Nc6 10. Be2 Be6 11. 0-0 Rad8 12. Rc1 Rfe8 13. a3 Bd6 14. Nb5 a6 15. Nxd6 Rxd6 16. Qb3 b5 17. Qc3 Bd7 18. Nd2 Ree6 19. Nb3 Qd8 20. Nc5 Re7 21. Nb7 Qc8 22. Nxd6 cxd6 23. Bg4 Bxg4 24. Qxc6 Rc7 25. Qxc7 1-0

[Event "Montigny le Bretonneux-C 4th"]
[Site "Montigny le Bretonneux"]
[Date "2005.10.23"]
[Round "2"]
[White "Hurlot, Rodolphe"]
[Black "Blasco, Robert"]
[Result "0-1"]
[WhiteElo "1670"]
[BlackElo "1360"]
[PlyCount "50"]
[EventDate "2005.10.22"]
[EventType "tourn"]
[EventRounds "9"]
[EventCountry "FRA"]
[SourceTitle "EXT 2008"]
[Source "ChessBase"]
[SourceDate "2007.11.25"]
[SourceVersion "1"]
[SourceVersionDate "2007.11.25"]
[SourceQuality "1"]

1. d4 d5 2. c4 dxc4 3. Nc3 e6 4. e4 Bb4 5. Bxc4 Nc6 6. Nf3 Nf6 7. Bg5 a6 8. e5 b5 9. Bb3 h6 10. exf6 hxg5 11. fxg7 Rg8 12. a3 Be7 13. d5 Na5 14. Ba2 Bd6 15. dxe6 Bxe6 16. Bxe6 fxe6 17. 0-0 Rxg7 18. Re1 Kd7 19. Qd4 Rg6 20. Ne5+ Kc8 21. Nxg6 Bxh2+ 22. Kxh2 Qxd4 23. Ne7+ Kb7 24. f3 Qf2 25. Ne4 Rh8# 0-1

[Event "Montigny le Bretonneux Noel op 07th"]
[Site "Montigny le Bretonneux"]
[Date "2004.12.28"]
[Round "4"]
[White "Hurlot, Rodolphe"]
[Black "Claisse, Patrick"]
[Result "1/2-1/2"]
[WhiteElo "1499"]
[BlackElo "1966"]
[PlyCount "46"]
[EventDate "2004.12.??"]
[EventType "swiss"]
[EventRounds "7"]
[EventCountry "FRA"]
[SourceTitle "EXT 2006"]
[Source "ChessBase"]
[SourceDate "2005.11.24"]
[SourceVersion "1"]
[SourceVersionDate "2005.11.24"]
[SourceQuality "1"]

1. d4 Nf6 2. c4 g6 3. Nc3 d5 4. Nf3 Bg7 5. Bf4 c5 6. e3 Qa5 7. dxc5 0-0 8. cxd5 Ne4 9. Be5 Bxe5 10. Nxe5 Nxc3 11. Qd2 Qxc5 12. bxc3 Rd8 13. e4 Nd7 14. Nf3 Nf6 15. Bd3 e6 16. 0-0 exd5 17. e5 Ne8 18. Qh6 Qf8 19. Qh4 Bd7 20. Rfe1 Nc7 21. c4 Bc6 22. Nd4 dxc4 23. Bxc4 Bd5 1/2-1/2

[Event "Montigny le Bretonneux Noel op 07th"]
[Site "Montigny le Bretonneux"]
[Date "2004.12.27"]
[Round "3"]
[White "Blasco, Robert"]
[Black "Hurlot, Rodolphe"]
[Result "0-1"]
[WhiteElo "1410"]
[BlackElo "1499"]
[PlyCount "68"]
[EventDate "2004.12.??"]
[EventType "swiss"]
[EventRounds "7"]
[EventCountry "FRA"]
[SourceTitle "EXT 2006"]
[Source "ChessBase"]
[SourceDate "2005.11.24"]
[SourceVersion "1"]
[SourceVersionDate "2005.11.24"]
[SourceQuality "1"]

1. c4 e5 2. Nc3 Nf6 3. g3 d5 4. b3 d4 5. Na4 Bd7 6. Nb2 Bc6 7. f3 Nbd7 8. d3 Bb4+ 9. Bd2 Bxd2+ 10. Qxd2 Ng4 11. Nd1 0-0 12. Bh3 f5 13. Nf2 Nxf2 14. Kxf2 e4 15. dxe4 fxe4 16. Qxd4 Qe7 17. Rd1 Nf6 18. Bg2 Rad8 19. Qa1 Ng4+ 20. Ke1 Qb4+ 21. Kf1 Rxd1+ 22. Qxd1 Ne3+ 23. Kf2 Nxd1+ 24. Kf1 e3 25. Nh3 Nc3 26. f4 Bxg2+ 27. Kxg2 Nxe2 28. Kf3 Qd2 29. Ng5 Nd4+ 30. Kg4 Qe2+ 31. Kh3 Qh5+ 32. Kg2 h6 33. Ne4 Qf3+ 34. Kh3 Qxh1 0-1